LIBRARY ONLINE CATALOGUE

Towards a dynamic African economy : (Record no. 12622)

MARC details
000 -LEADER
fixed length control field 00638cam a22002052 4500
001 - CONTROL NUMBER
control field 0000001587
005 - DATE AND TIME OF LATEST TRANSACTION
control field 20151217155812.0
008 - FIXED-LENGTH DATA ELEMENTS--GENERAL INFORMATION
fixed length control field 070316s xx 000 0 eng d
020 ## - INTERNATIONAL STANDARD BOOK NUMBER
International Standard Book Number 071464062x :
Terms of availability KES 5,096
040 ## - CATALOGING SOURCE
Original cataloging agency KABU
Transcribing agency KABU
050 #0 - LIBRARY OF CONGRESS CALL NUMBER
Classification number HC800
Item number .A34
100 1# - MAIN ENTRY--PERSONAL NAME
Personal name Adedeji, Adebayo.
-- 0000150455
245 10 - TITLE STATEMENT
Title Towards a dynamic African economy :
Remainder of title selected speeches and lectures 1975-1986.
260 ## - PUBLICATION, DISTRIBUTION, ETC. (IMPRINT)
Place of publication, distribution, etc. London :
Name of publisher, distributor, etc. Frank Cass,
Date of publication, distribution, etc. 1989.
300 ## - PHYSICAL DESCRIPTION
Extent xxxvii, 692 p.
651 #0 - SUBJECT ADDED ENTRY--GEOGRAPHIC NAME
Geographic name Africa
General subdivision Economic conditions
Chronological subdivision 1960-.
-- 0000149691
908 ## - PUT COMMAND PARAMETER (RLIN)
Put command parameter 070316
950 ## - LOCAL HOLDINGS (RLIN)
-- 1
Holdings
Withdrawn status Lost status Source of classification or shelving scheme Not for loan Home library Current library Date acquired Total Checkouts Full call number Barcode Date last seen Price effective from Koha item type
    Library of Congress Classification   Kabarak, Main Campus Kabarak, Main Campus 17/12/2015   HC800 .A34 001882 17/12/2015 17/12/2015 Africana Collection